Loading...
Fine Arts - Classical Music | 3 | 16.67 | 100% | 67% | 0% |
Fine Arts - Other Fine Arts | 6 | 16.67 | 100% | 67% | 0% |
Fine Arts - Painting & Sculpture | 7 | 12.86 | 100% | 29% | 0% |
History - American History | 3 | 23.33 | 100% | 100% | 33% |
History - European History | 6 | 11.67 | 100% | 17% | 0% |
History - Other History | 5 | 22.00 | 100% | 60% | 60% |
History - World History | 4 | 17.50 | 100% | 75% | 0% |
Literature - American Literature | 4 | 15.00 | 100% | 50% | 0% |
Literature - British Literature | 5 | 12.00 | 100% | 20% | 0% |
Literature - European Literature | 4 | 15.00 | 100% | 25% | 25% |
Literature - World Literature | 6 | 16.67 | 100% | 50% | 17% |
Mythology | 2 | 20.00 | 100% | 100% | 0% |
Other | 3 | 23.33 | 100% | 67% | 67% |
Philosophy | 3 | 16.67 | 100% | 67% | 0% |
Religion | 5 | 18.00 | 100% | 40% | 40% |
Science - Biology | 7 | 14.29 | 100% | 43% | 0% |
Science - Chemistry | 6 | 13.33 | 100% | 33% | 0% |
Science - Other Science | 5 | 8.00 | 80% | 0% | 0% |
Science - Physics | 6 | 15.00 | 83% | 67% | 0% |
Social Science | 5 | 14.00 | 100% | 20% | 20% |